000 00486nam a2200169Ia 4500
999 _c7239
_d7239
003 OSt
005 20200125104618.0
008 190216s9999||||xx |||||||||||||| ||und||
040 _coclc
082 _a658.4038
_bMOH/I
100 _aMohan, P
_91107
245 0 _aInformation Technology For Business /
_cP Mohan
250 _a1st ed.
260 _bHimalaya Publishing House
_aMumbai:
_c2004.
300 _a251p
942 _cBK
_2ddc
_h658.4038
_iMOH/I
_k658.4038
_mMOH/I